<?xml version="1.0" encoding="UTF-8"?>
<collection xmlns="http://www.loc.gov/MARC21/slim">
  <record>
    <leader>00000nam  2200000   4500</leader>
    <controlfield tag="001">INLIS000000000003309</controlfield>
    <controlfield tag="005">20190819103217</controlfield>
    <datafield tag="035" ind1="#" ind2="#">
      <subfield code="a">0010-0718003309</subfield>
    </datafield>
    <controlfield tag="008">190819################g##########0#ind##</controlfield>
    <datafield tag="020" ind1="#" ind2="#">
      <subfield code="a">9795182927</subfield>
    </datafield>
    <datafield tag="041" ind1=" " ind2=" ">
      <subfield code="a">id</subfield>
    </datafield>
    <datafield tag="082" ind1="#" ind2="#">
      <subfield code="a">297.122</subfield>
    </datafield>
    <datafield tag="090" ind1=" " ind2=" ">
      <subfield code="a">297.122 Rah a</subfield>
    </datafield>
    <datafield tag="100" ind1=" " ind2="#">
      <subfield code="a">Rahman, Afzalur</subfield>
    </datafield>
    <datafield tag="245" ind1="1" ind2="#">
      <subfield code="a">Al Qur'an Sumber Ilmu Pengetahuan /</subfield>
      <subfield code="c">Afzalur Rahman</subfield>
    </datafield>
    <datafield tag="250" ind1="#" ind2="#">
      <subfield code="a">Cet. Ketiga</subfield>
    </datafield>
    <datafield tag="260" ind1="#" ind2="#">
      <subfield code="a">Jakarta :</subfield>
      <subfield code="b">Rinek Cipta,</subfield>
      <subfield code="c">2000</subfield>
    </datafield>
    <datafield tag="300" ind1="#" ind2="#">
      <subfield code="a">viii; 379 hlm. ;</subfield>
      <subfield code="c">21 cm</subfield>
    </datafield>
    <datafield tag="650" ind1=" " ind2="#">
      <subfield code="a">Al Qur'an Sumber Ilmu</subfield>
    </datafield>
    <datafield tag="084" ind1="#" ind2="#">
      <subfield code="a">297.122 Rah a</subfield>
    </datafield>
    <datafield tag="520" ind1="#" ind2="#">
      <subfield code="a">Kitab Suci Al-Qur'an bukan hanya berisi pelajaran dan bimbingan mengenai hubungan antara manusia dengan Tuhan Penciptanya, melainkan mempunyai jangkauan yang jauh lebih luas. Ajarannya meliputi segala bidang kehidupan dan pergaulan manusia. Al-Qur'an juga memberikan petunjuk mengenai hubungan antara manusia dengan dirinya, dengan masyarakat sekelilingnya, dengan mahluk lain dan dengan alam semesta. Semua itu dimaksudkan untuk terciptanya keselamatan, perdamaian dan kebahagiaan bagi umat manusia. Semua ilmu pengetahuan bersumber dari Maha Pencipta dan diajarkan kepada umat manusia melalui Al-Qur'an. Mulai dari Kosmologi, Astronomi, Fisika, Matematika dan lain-lain sampai pada Ilmu Kedokteran semua bersumber dari Al-Qur'an. Terjadinya pertumbuhan yang pesat dalam ilmu pengetahuan dan penemuan ilmiah pada abad ke-7 sampai abad ke-14 di negara-negara Muslim, semuanya bersumber dari ayat-ayat Al-Qur'an. Melalui Al-Qur'an diajarkan kepada manusia bahwa alam semesta ini diciptakan Tuhan untuk manfaat bagi manusia. Awan yang terbentang di udara, hujan yang tercurah dari awan, bintang yang gemerlapan di langit biru, bulan dan matahari, semuanya itu diciptakan untuk kepentingan manusia.</subfield>
    </datafield>
    <datafield tag="856" ind1="#" ind2="#">
      <subfield code="a">Perpustakaan Lembaga Administrasi Negara</subfield>
    </datafield>
    <datafield tag="990" ind1="#" ind2="#">
      <subfield code="a">04128877</subfield>
    </datafield>
    <datafield tag="990" ind1="#" ind2="#">
      <subfield code="a">04128878</subfield>
    </datafield>
    <datafield tag="990" ind1="#" ind2="#">
      <subfield code="a">04128877</subfield>
    </datafield>
    <datafield tag="990" ind1="#" ind2="#">
      <subfield code="a">04128878</subfield>
    </datafield>
    <datafield tag="990" ind1="#" ind2="#">
      <subfield code="a">04128878</subfield>
    </datafield>
    <datafield tag="990" ind1="#" ind2="#">
      <subfield code="a">04128877</subfield>
    </datafield>
  </record>
</collection>
